|
|
|
|
| LEADER |
00000nam0a2200000 4500 |
| 001 |
265432 |
| 005 |
20231101233923.0 |
| 010 |
|
|
|a 9785394023491
|
| 035 |
|
|
|a (RuTPU)RU\TPU\book\288433
|
| 090 |
|
|
|a 265432
|
| 100 |
|
|
|a 20140626d2014 m y0rusy50 ca
|
| 101 |
0 |
|
|a rus
|
| 102 |
|
|
|a RU
|
| 105 |
|
|
|a a j 001zy
|
| 200 |
1 |
|
|a Физика. Современный курс
|e учебник
|f В. А. Никеров
|
| 205 |
|
|
|a 2-е изд.
|
| 210 |
|
|
|a Москва
|c Дашков и К
|d 2014
|
| 215 |
|
|
|a 451 с.
|c ил.
|
| 320 |
|
|
|a Предм. указ.: с. 441-451.
|
| 330 |
|
|
|a В учебнике последовательно изложены современные представления о механике и молекулярной физике, электродинамике и волновой оптике, квантовой физике. Курс является компактным, но при этом дает цельное представление об основных законах и понятиях современной физики, их взаимосвязи и происхождении. В рамках соответствия государственным образовательным стандартам дано представление о ряде существенных разделов и подходов сегодняшней физики. Учебник подготовлен на основе курса лекций, прочитанных автором в Московском институте электроники и математики Национального исследовательского университета «Высшая школа экономики». Для студентов технических и иных вузов, а также для самоподготовки и повторения ранее изученного материала. Может быть использован также преподавателями для самообразования и подготовки к занятиям.
|
| 606 |
1 |
|
|a Физика
|2 stltpush
|3 (RuTPU)RU\TPU\subj\63709
|9 80688
|
| 610 |
1 |
|
|a механика
|
| 610 |
1 |
|
|a молекулярная физика
|
| 610 |
1 |
|
|a электродинамика
|
| 610 |
1 |
|
|a волновая оптика
|
| 610 |
1 |
|
|a квантовая физика
|
| 610 |
1 |
|
|a материальная точка
|
| 610 |
1 |
|
|a кинематика
|
| 610 |
1 |
|
|a динамика
|
| 610 |
1 |
|
|a работа
|
| 610 |
1 |
|
|a энергия
|
| 610 |
1 |
|
|a вращательное движение
|
| 610 |
1 |
|
|a колебания
|
| 610 |
1 |
|
|a волны
|
| 610 |
1 |
|
|a специальная теория относительности
|
| 610 |
1 |
|
|a молекулярно-кинетическая теория
|
| 610 |
1 |
|
|a перенос
|
| 610 |
1 |
|
|a газы
|
| 610 |
1 |
|
|a термодинамика
|
| 610 |
1 |
|
|a закон Кулона
|
| 610 |
1 |
|
|a электрическое поле
|
| 610 |
1 |
|
|a проводники
|
| 610 |
1 |
|
|a свет
|
| 610 |
1 |
|
|a плазма
|
| 610 |
1 |
|
|a учебные пособия
|
| 675 |
|
|
|a 53(075.8)
|v 3
|
| 700 |
|
1 |
|a Никеров
|b В. А.
|g Виктор Алексеевич
|
| 801 |
|
1 |
|a RU
|b 63413507
|c 20140626
|
| 801 |
|
2 |
|a RU
|b 63413507
|c 20150702
|g RCR
|
| 900 |
|
|
|a Физика
|
| 900 |
|
|
|a Механика и молекулярная физика
|
| 900 |
|
|
|a Электродинамика
|
| 900 |
|
|
|a Волны и оптика
|
| 900 |
|
|
|a Квантовая физика
|
| 942 |
|
|
|c BK
|
| 959 |
|
|
|a 110/20140626
|d 5
|e 308,00
|f ЧЗТЛ:1
|f АНЛ:1
|f УФ:3
|